[Event "chess.com Speed 3m+1spm 2018"]
[Site "chess.com INT"]
[Date "2018.09.18"]
[Round "2.13"]
[White "Grischuk, Alexander"]
[Black "Duda, Jan-Krzysztof"]
[Result "1-0"]
[WhiteTitle "GM"]
[BlackTitle "GM"]
[WhiteElo "2766"]
[BlackElo "2737"]
[WhiteFideId "4126025"]
[BlackFideId "1170546"]
[EventDate "2018.07.24"]

1. e4 e5 2. Nf3 Nf6 3. Nxe5 d6 4. Nf3 Nxe4 5. d4 d5 6. Bd3 Bf5 7. O-O Be7 8. c4
dxc4 9. Bxc4 O-O 10. Re1 Nd6 11. Bd5 Na6 12. Nc3 Nb4 13. Bb3 Nd3 14. Re2 Nxc1
15. Qxc1 c6 16. Qf4 Bf6 17. Rae1 Bd3 18. Re3 Bc4 19. Bc2 g6 20. h4 Bg7 21. Ne5
Be6 22. h5 Qf6 23. Qxf6 Bxf6 24. hxg6 hxg6 25. Nxg6 fxg6 26. Rxe6 Rad8 27. d5
Kg7 28. dxc6 bxc6 29. g3 Nb5 30. Rxc6 Nxc3 31. bxc3 Rc8 32. Ree6 Rxc6 33. Rxc6
Rf7 34. Kg2 g5 35. a4 Bd8 36. Be4 Rc7 37. Rxc7+ Bxc7 38. Kh3 Kf6 39. Kg4 Be5 40.
c4 Bd6 41. Bd5 a5 42. Bg2 Kg6 43. Bd5 Kf6 44. Bc6 Kg6 45. Bd7 Kf6 46. Be8 Ke7
47. Bg6 Kf6 48. Bh5 Bc5 49. f4 gxf4 50. Kxf4 Bd6+ 51. Kf3 Ke5 52. Be8 Kf5 53.
Bd7+ Ke5 54. Kg4 Ke4 55. Bc6+ Kd4 56. Bb5 Ke4 57. Kh4 Ke5 58. g4 Be7+ 59. Kh5
Kf4 60. Ba6 Ke5 61. g5 Kf4 62. g6 Bf8 63. c5 Ke5 64. c6 Kd6 65. Bb5 Bg7 66. Kg5
Kc7 67. Kf4 Kd6 68. Kf5 Bb2 69. Kg4 Bf6 70. Kh5 Bg7 71. Kg5 Kc7 72. Kf4 Kd6 73.
Ke4 Bb2 74. Kf5 Bg7 75. Be2 Kxc6 76. Ke6 Kc5 77. Kf7 Bd4 78. Bb5 Kd6 79. g7 Bxg7
80. Kxg7 Ke7 81. Kg6 Ke6 82. Kg5 Ke5 83. Ba6 Ke4 84. Kf6 Kd5 85. Ke7 Kc6 86.
Bb5+ Kc7 87. Ke6 Kb6 88. Kd5 Kb7 89. Kc5 Kc7 90. Bc4 Kb7 91. Kb5 Ka7 1-0

[Event "chess.com Speed 3m+1spm 2018"]
[Site "chess.com INT"]
[Date "2018.09.18"]
[Round "2.14"]
[White "Duda, Jan-Krzysztof"]
[Black "Grischuk, Alexander"]
[Result "1-0"]
[WhiteTitle "GM"]
[BlackTitle "GM"]
[WhiteElo "2737"]
[BlackElo "2766"]
[WhiteFideId "1170546"]
[BlackFideId "4126025"]
[EventDate "2018.07.24"]

1. d4 Nf6 2. Bg5 d5 3. e3 g6 4. Bxf6 exf6 5. c4 dxc4 6. Bxc4 Bd6 7. Nc3 c6 8.
Nge2 Nd7 9. a3 Qe7 10. Qc2 Kf8 11. Ba2 Kg7 12. O-O-O f5 13. Kb1 Nf6 14. Nc1 a5
15. Nd3 Be6 16. Bxe6 Qxe6 17. Na4 Nd5 18. Rhe1 Rhe8 19. Re2 Re7 20. Rde1 Rae8
21. g3 Qf6 22. Nc3 Nc7 23. f4 b5 24. e4 fxe4 25. Nxe4 Qxd4 26. Ndf2 Bc5 27. Rd1
Qc4 28. Qxc4 bxc4 29. Rc2 Rxe4 30. Nxe4 Rxe4 31. Rdc1 Bd4 32. Rxc4 c5 33. Ra4 h5
34. Rxc5 Ne6 35. Rc2 h4 36. Rxa5 h3 37. Ka2 Re1 38. Rd5 Rg1 39. b4 Rg2 40. Kb3
Bg1 41. a4 Rxh2 42. Rxh2 Bxh2 43. Rd1 Bxg3 44. a5 h2 45. b5 Bf2 46. Rh1 Bg1 47.
b6 Kf6 48. Kc4 Nd8 49. Kb5 Ke6 50. a6 Kd6 51. a7 1-0

[Event "chess.com Speed 3m+1spm 2018"]
[Site "chess.com INT"]
[Date "2018.09.18"]
[Round "2.15"]
[White "Grischuk, Alexander"]
[Black "Duda, Jan-Krzysztof"]
[Result "0-1"]
[WhiteTitle "GM"]
[BlackTitle "GM"]
[WhiteElo "2766"]
[BlackElo "2737"]
[WhiteFideId "4126025"]
[BlackFideId "1170546"]
[EventDate "2018.07.24"]

1. e4 c5 2. Nf3 d6 3. d4 cxd4 4. Nxd4 Nf6 5. Nc3 a6 6. Bg5 e6 7. f4 Qb6 8. Qd3
Qxb2 9. Rb1 Qa3 10. f5 Qa5 11. Bxf6 gxf6 12. Be2 Nc6 13. fxe6 fxe6 14. Nxc6 bxc6
15. O-O Qe5 16. Kh1 Be7 17. Na4 Bd8 18. Nb6 Bxb6 19. Rxb6 Bd7 20. Rb7 Ke7 21.
Rfb1 Rhd8 22. Qh3 h5 23. Bf3 Rab8 24. R7b3 Rb5 25. Qh4 Rdb8 26. h3 Be8 27. Be2
Rxb3 28. axb3 a5 29. Rf1 Rb4 30. Bd3 a4 31. bxa4 Rxa4 32. Qe1 c5 33. Qb1 Rb4 34.
Qc1 c4 35. Be2 Qxe4 36. Bf3 Qe5 37. Qh6 Ra4 38. Qg7+ Bf7 39. g4 Ra1 40. Rxa1
Qxa1+ 41. Kg2 h4 42. g5 Qe5 43. g6 Qg3+ 44. Kf1 Qxf3+ 0-1

[Event "chess.com Speed 3m+1spm 2018"]
[Site "chess.com INT"]
[Date "2018.09.18"]
[Round "2.16"]
[White "Duda, Jan-Krzysztof"]
[Black "Grischuk, Alexander"]
[Result "0-1"]
[WhiteTitle "GM"]
[BlackTitle "GM"]
[WhiteElo "2737"]
[BlackElo "2766"]
[WhiteFideId "1170546"]
[BlackFideId "4126025"]
[EventDate "2018.07.24"]

1. d4 Nf6 2. c4 g6 3. g3 Bg7 4. Bg2 O-O 5. Nc3 Nc6 6. Nf3 d5 7. cxd5 Nxd5 8. O-O
e5 9. Nxd5 e4 10. Nd2 Qxd5 11. e3 f5 12. b3 Be6 13. Ba3 Rfd8 14. Rc1 Qd7 15. Qc2
Rac8 16. Rfd1 Ne7 17. Bxe7 Qxe7 18. Bf1 Kh8 19. Be2 c6 20. Bc4 Bd7 21. Be2 Be8
22. a3 h5 23. b4 Qf6 24. Nc4 Kh7 25. h4 Qe7 26. Kg2 Bf7 27. Na5 Bf6 28. Bc4 Be8
29. Qa2 Rd6 30. Bg8+ Kg7 31. Bb3 Rcd8 32. Rh1 R6d7 33. Qe2 Rc7 34. Ba2 b6 35.
Nb3 Rdc8 36. Rc2 Bd7 37. Nd2 Ra8 38. Rb1 Kh6 39. a4 Rac8 40. a5 b5 41. Rcc1 Qd6
42. Rh1 Be8 43. Qe1 Rg7 44. Nb3 Bf7 45. Qd2 Bd5 46. Nc5 Be7 47. Bxd5 Qxd5 48.
Qe2 Bd6 49. Rbc1 Rcg8 50. Na6 g5 51. hxg5+ Rxg5 52. Rh3 Rg4 53. Rch1 R8g5 54.
Kf1 Kg6 55. Nc5 Bxc5 56. dxc5 Qb3 57. Qd2 Qe6 58. Qd6 Qxd6 59. cxd6 Kf6 60. Rxh5
Ke6 61. Rh7 Rg7 62. Rxg7 Rxg7 63. Rh6+ Kd5 64. Rf6 Kc4 65. Rxf5 Kxb4 66. Re5 Rd7
67. Rxe4+ Kc3 68. Re6 b4 69. Ke2 b3 70. Re8 b2 71. Rb8 Rxd6 72. g4 Kc2 73. f4
b1=Q 74. Rxb1 Kxb1 75. g5 c5 76. f5 c4 77. f6 c3 78. f7 Rd8 79. g6 c2 80. g7
c1=Q 81. g8=Q Qd1+ 82. Kf2 Rd2+ 83. Kg3 Qe1+ 84. Kf4 Rf2+ 85. Ke4 Qb4+ 86. Ke5
Qe7+ 87. Kd5 Rd2+ 88. Kc4 Qc7+ 89. Kb5 Rb2+ 90. Ka4 Qc4+ 91. Ka3 Qb3# 0-1

[Event "chess.com Speed 3m+1spm 2018"]
[Site "chess.com INT"]
[Date "2018.09.18"]
[Round "2.17"]
[White "Grischuk, Alexander"]
[Black "Duda, Jan-Krzysztof"]
[Result "1-0"]
[WhiteTitle "GM"]
[BlackTitle "GM"]
[WhiteElo "2766"]
[BlackElo "2737"]
[WhiteFideId "4126025"]
[BlackFideId "1170546"]
[EventDate "2018.07.24"]

1. Nf3 d5 2. g3 Nc6 3. d4 Bf5 4. Bg2 e6 5. O-O Nb4 6. Na3 c6 7. c3 Na6 8. Qb3
Qc8 9. Nh4 Be4 10. f3 Bg6 11. Nxg6 hxg6 12. e4 Nf6 13. e5 Nd7 14. f4 b5 15. Nc2
Nb6 16. Ne1 Qd7 17. Nf3 Nc7 18. Be3 a5 19. Qc2 a4 20. h4 Be7 21. Bf2 Kd8 22.
Rfc1 Kc8 23. Rab1 Kb7 24. Bf1 Ra7 25. Bd3 Ra6 26. Qe2 Ra7 27. Kg2 Rha8 28. Rc2
Qe8 29. Rh1 f5 30. exf6 gxf6 31. b3 axb3 32. axb3 Ra3 33. Nd2 f5 34. c4 Ra1 35.
cxb5 cxb5 36. Rxa1 Rxa1 37. Nf3 Bd6 38. Ne5 Ra3 39. Qd1 Qa8 40. Nxg6 Ra1 41. Rc1
Ra2 42. h5 Nd7 43. Bb1 Rb2 44. Rc2 Qa3 45. Rxb2 Qxb2 46. Qc2 Qa3 47. Ne5 Nf6 48.
Qc6+ Kc8 49. h6 Kd8 50. h7 Nxh7 51. Qd7# 1-0

[Event "chess.com Speed 1m+1spm 2018"]
[Site "chess.com INT"]
[Date "2018.09.18"]
[Round "2.18"]
[White "Duda, Jan-Krzysztof"]
[Black "Grischuk, Alexander"]
[Result "1/2-1/2"]
[WhiteTitle "GM"]
[BlackTitle "GM"]
[WhiteElo "2737"]
[BlackElo "2766"]
[WhiteFideId "1170546"]
[BlackFideId "4126025"]
[EventDate "2018.07.24"]

1. e4 c5 2. Nf3 d6 3. d4 cxd4 4. Nxd4 Nf6 5. Nc3 a6 6. g3 e5 7. Nb3 Be7 8. Bg2
O-O 9. a4 Nc6 10. O-O Nb4 11. a5 Be6 12. Bg5 h6 13. Bxf6 Bxf6 14. Ra4 Nc6 15.
Nd5 Rc8 16. c3 g6 17. Nxf6+ Qxf6 18. Qxd6 Rfd8 19. Qa3 Bxb3 20. Qxb3 Rd2 21.
Raa1 Rcd8 22. Qb6 Kg7 23. b4 Rc2 24. Rad1 Rxd1 25. Rxd1 Rxc3 26. Bf1 Nd4 27.
Qxf6+ Kxf6 28. Rb1 Nf3+ 29. Kg2 Nd2 30. Rb2 Nxe4 31. b5 axb5 32. Rxb5 Nd6 33.
Rb6 Ke7 34. a6 bxa6 35. Rxa6 Rc7 36. h4 Nf5 37. Ra5 Kf6 38. Ra6+ Kg7 39. Bd3 Nd4
40. Be4 Re7 41. Ra5 h5 42. Ra8 f5 43. Bd5 e4 44. Rg8+ Kf6 45. Rf8+ Kg7 46. Rg8+
Kh7 47. Rd8 Nf3 48. Kf1 Kg7 49. Ke2 Ra7 50. Ke3 Ne5 51. Kf4 Ng4 52. Kg5 Nxf2 53.
Rg8+ Kh7 54. Rxg6 Rg7 55. Rxg7+ Kxg7 56. Kxf5 e3 57. Bf3 Nh1 58. Kf4 Nxg3 59.
Kxg3 e2 60. Bxe2 Kh8 61. Kf4 Kg7 62. Bxh5 Kh8 63. Bg6 Kg7 64. h5 Kh8 65. h6 Kg8
66. h7+ Kh8 67. Kg5 Kg7 68. h8=Q+ Kxh8 1/2-1/2

[Event "chess.com Speed 1m+1spm 2018"]
[Site "chess.com INT"]
[Date "2018.09.18"]
[Round "2.20"]
[White "Duda, Jan-Krzysztof"]
[Black "Grischuk, Alexander"]
[Result "1-0"]
[WhiteTitle "GM"]
[BlackTitle "GM"]
[WhiteElo "2737"]
[BlackElo "2766"]
[WhiteFideId "1170546"]
[BlackFideId "4126025"]
[EventDate "2018.07.24"]

1. d4 Nf6 2. c4 g6 3. Nc3 Bg7 4. e4 d6 5. f3 O-O 6. Nge2 c5 7. Be3 Nc6 8. Qd2
Qa5 9. Rc1 e5 10. dxc5 dxc5 11. Nd5 Qxd2+ 12. Kxd2 b6 13. Bg5 Nd7 14. a3 h6 15.
Be3 Rd8 16. b4 Bb7 17. Nec3 Nd4 18. Rb1 h5 19. Bd3 Rac8 20. Ne7+ Kf8 21. Nxc8
Bxc8 22. Nd5 Bb7 23. Rb2 Bc6 24. b5 Bb7 25. a4 Bxd5 26. cxd5 Ke7 27. a5 Nf6 28.
Bc4 Ne8 29. Ra1 Nd6 30. Kd3 f5 31. axb6 axb6 32. Ra6 Rb8 33. Bg5+ Kf8 34. Ra7
Nf7 35. Be7+ Ke8 36. d6 Nd8 37. Bxd8 1-0

[Event "chess.com Speed 1m+1spm 2018"]
[Site "chess.com INT"]
[Date "2018.09.18"]
[Round "2.21"]
[White "Grischuk, Alexander"]
[Black "Duda, Jan-Krzysztof"]
[Result "0-1"]
[WhiteTitle "GM"]
[BlackTitle "GM"]
[WhiteElo "2766"]
[BlackElo "2737"]
[WhiteFideId "4126025"]
[BlackFideId "1170546"]
[EventDate "2018.07.24"]

1. e4 c5 2. Nf3 d6 3. d4 cxd4 4. Nxd4 Nf6 5. Nc3 a6 6. Be3 Ng4 7. Bg5 h6 8. Bc1
Nf6 9. Bd3 Nc6 10. Nxc6 bxc6 11. O-O e6 12. Na4 d5 13. Qe2 Be7 14. c4 Bb7 15. e5
Nd7 16. b3 Rb8 17. Bb2 a5 18. Rad1 O-O 19. Qg4 Nc5 20. Nxc5 Bxc5 21. Kh1 Qg5 22.
Qe2 a4 23. f4 Qh4 24. f5 axb3 25. axb3 Ba8 26. Qc2 Be3 27. Rf3 d4 28. c5 exf5
29. Bxf5 Rbd8 30. Rdf1 Kh8 31. Qd3 Qe7 32. Qe4 Qxc5 33. h3 Qe7 34. Rxe3 c5 35.
Qf4 dxe3 36. e6 f6 37. Qxe3 Rd5 38. Bc2 Rfd8 39. Rf2 R5d6 40. Qg3 Rxe6 41. Qg6
Be4 42. Bxe4 Rxe4 43. Rxf6 Rd1+ 44. Kh2 Qc7+ 45. g3 Re2+ 0-1

[Event "chess.com Speed 1m+1spm 2018"]
[Site "chess.com INT"]
[Date "2018.09.18"]
[Round "2.22"]
[White "Duda, Jan-Krzysztof"]
[Black "Grischuk, Alexander"]
[Result "0-1"]
[WhiteTitle "GM"]
[BlackTitle "GM"]
[WhiteElo "2737"]
[BlackElo "2766"]
[WhiteFideId "1170546"]
[BlackFideId "4126025"]
[EventDate "2018.07.24"]

1. d4 Nf6 2. c4 g6 3. Nc3 Bg7 4. e4 d6 5. f3 O-O 6. Nge2 a6 7. Be3 b5 8. cxb5
axb5 9. Nxb5 Nbd7 10. Qd2 c6 11. Nbc3 e5 12. O-O-O Qa5 13. Bh6 Nb6 14. Bxg7 Kxg7
15. dxe5 dxe5 16. Ng3 Be6 17. Nf5+ Kh8 18. Qg5 Nfd7 19. Ne7 Bxa2 20. h4 Bb3 21.
Bd3 Bxd1 22. h5 f6 23. hxg6 Rf7 24. Qh6 Rxe7 25. Nxd1 Na4 26. Bc2 Nac5 27. Qe3
Rg8 28. gxh7 Rxg2 29. Kb1 Rxh7 30. Rxh7+ Kxh7 31. f4 Qd2 32. Qh3+ Kg7 33. Ne3
Rg1+ 34. Bd1 Rxd1+ 0-1

[Event "chess.com Speed 1m+1spm 2018"]
[Site "chess.com INT"]
[Date "2018.09.18"]
[Round "2.23"]
[White "Grischuk, Alexander"]
[Black "Duda, Jan-Krzysztof"]
[Result "1/2-1/2"]
[WhiteTitle "GM"]
[BlackTitle "GM"]
[WhiteElo "2766"]
[BlackElo "2737"]
[WhiteFideId "4126025"]
[BlackFideId "1170546"]
[EventDate "2018.07.24"]

1. e4 c5 2. Nf3 e6 3. d4 cxd4 4. Nxd4 a6 5. Nc3 d6 6. Be3 b5 7. Qd2 Bb7 8. f3
Nf6 9. a4 b4 10. Na2 a5 11. Bb5+ Nbd7 12. O-O Be7 13. c3 bxc3 14. Nxc3 O-O 15.
Nc6 Bxc6 16. Bxc6 Rc8 17. Bb5 Ne5 18. Qe2 Nc6 19. Rfd1 Nb4 20. Kh1 d5 21. Qf2
Qd6 22. Bb6 Bd8 23. Be3 Bc7 24. g3 Qe7 25. Bc5 Bd6 26. Bb6 dxe4 27. Bxa5 Bc5 28.
Qe2 exf3 29. Qxf3 Qa7 30. Bxb4 Bxb4 31. Rd3 h5 32. h3 Qc5 33. Rad1 Ba5 34. Kg2
Bc7 35. Qe3 Qb4 36. R1d2 h4 37. g4 Bf4 38. Qd4 Qxd4 39. Rxd4 Bxd2 40. Rxd2 Rfd8
41. Re2 Rd4 42. a5 Ra8 43. a6 Rb4 44. Rd2 g5 45. Kf3 Kg7 46. Ke3 Ra7 47. Bf1 Rb6
48. Kd4 Rd6+ 49. Ke3 Rdxa6 50. Bxa6 Rxa6 51. b4 Ra3 52. Kd4 e5+ 53. Kc4 Rxc3+
54. Kxc3 Ne4+ 55. Kd3 Nxd2 56. Kxd2 Kf8 57. Kd3 Ke7 58. Ke4 f6 59. Kd5 Kd7 60.
Kc5 Kc7 61. b5 Kb7 62. b6 Kb8 63. Kb5 Kc8 64. Kc4 Kd7 65. Kd5 Kd8 66. Kc4 Kc8
67. Kb5 e4 68. Kc4 Kb7 69. Kd4 f5 70. gxf5 g4 71. f6 gxh3 72. f7 h2 73. f8=Q
h1=Q 74. Qe7+ Kxb6 75. Qc5+ Ka6 76. Qa3+ Kb5 77. Qb3+ Kc6 78. Qd5+ Kc7 79. Qc5+
Kd7 80. Qd5+ Ke7 81. Qe5+ Kf7 82. Qf5+ Kg7 83. Qg5+ Kf8 84. Qf5+ Ke8 85. Qe6+
Kd8 86. Qd6+ Kc8 87. Qc6+ Kd8 88. Qd6+ Kc8 89. Qc6+ Kd8 90. Qd6+ Kc8 91. Qc6+
Kd8 92. Qd6+ Kc8 93. Qc6+ Kd8 1/2-1/2

[Event "chess.com Speed 1m+1spm 2018"]
[Site "chess.com INT"]
[Date "2018.09.18"]
[Round "2.24"]
[White "Duda, Jan-Krzysztof"]
[Black "Grischuk, Alexander"]
[Result "0-1"]
[WhiteTitle "GM"]
[BlackTitle "GM"]
[WhiteElo "2737"]
[BlackElo "2766"]
[WhiteFideId "1170546"]
[BlackFideId "4126025"]
[EventDate "2018.07.24"]

1. d4 Nf6 2. c4 g6 3. Nc3 Bg7 4. e4 d6 5. f3 O-O 6. Nge2 a6 7. Be3 b5 8. cxb5
axb5 9. Nxb5 Nbd7 10. Nec3 c6 11. Na3 e5 12. dxe5 Nxe5 13. Be2 d5 14. exd5 Nxd5
15. Nxd5 cxd5 16. Nc2 Nc4 17. Bd4 Nxb2 18. Qd2 Nc4 19. Qc3 Bxd4 20. Qxd4 Re8 21.
Kf2 Bf5 22. Rhc1 Bxc2 23. Rxc2 Ne3 24. Rb2 Nf5 25. Qb4 d4 26. Bd3 Ne3 27. Kg1
Qf6 28. a4 Qf4 29. a5 Reb8 30. Qd2 Rd8 31. a6 Kg7 32. a7 Rd7 33. Rba2 f5 34. Kh1
h5 35. Qb4 Kh6 36. Qb5 Rc7 37. Qb6 Nd5 38. Qb2 Ne3 39. Ra4 Qe5 40. Be2 Qg7 41.
Qa2 Nc2 42. Rc1 Nb4 43. Qb1 Nd5 44. h3 Raxa7 45. Rxa7 Rxa7 46. Qd3 Ne3 47. Qd2
Rd7 48. Bb5 Rd6 49. Be8 Qf6 50. Rc7 Re6 51. Ba4 Rd6 52. Bb3 f4 53. Qd3 Qf5 0-1

[Event "chess.com Speed 1m+1spm 2018"]
[Site "chess.com INT"]
[Date "2018.09.18"]
[Round "2.25"]
[White "Grischuk, Alexander"]
[Black "Duda, Jan-Krzysztof"]
[Result "0-1"]
[WhiteTitle "GM"]
[BlackTitle "GM"]
[WhiteElo "2766"]
[BlackElo "2737"]
[WhiteFideId "4126025"]
[BlackFideId "1170546"]
[EventDate "2018.07.24"]

1. e4 c5 2. Nf3 e6 3. d4 cxd4 4. Nxd4 a6 5. Nc3 d6 6. Be3 Ne7 7. Qd2 Nec6 8.
O-O-O Be7 9. Kb1 O-O 10. g4 b5 11. h4 Bb7 12. g5 b4 13. Na4 Nxd4 14. Qxd4 a5 15.
f3 Nd7 16. b3 Bc6 17. Nb2 a4 18. h5 axb3 19. cxb3 Bxg5 20. Rg1 Bf6 21. Qxd6 Qa5
22. Na4 Bxa4 23. bxa4 Qxa4 24. Bc4 Rfc8 25. Bb3 Qxb3+ 0-1

[Event "chess.com Speed 1m+1spm 2018"]
[Site "chess.com INT"]
[Date "2018.09.18"]
[Round "2.26"]
[White "Duda, Jan-Krzysztof"]
[Black "Grischuk, Alexander"]
[Result "1-0"]
[WhiteTitle "GM"]
[BlackTitle "GM"]
[WhiteElo "2737"]
[BlackElo "2766"]
[WhiteFideId "1170546"]
[BlackFideId "4126025"]
[EventDate "2018.07.24"]

1. d4 Nf6 2. c4 g6 3. Nc3 Bg7 4. e4 d6 5. f3 O-O 6. Nge2 a6 7. Be3 b5 8. cxb5
axb5 9. Nxb5 Nbd7 10. Nbc3 c6 11. Qd2 e5 12. Bh6 Re8 13. Bxg7 Kxg7 14. g4 d5 15.
g5 Nh5 16. O-O-O c5 17. dxc5 d4 18. Nxd4 exd4 19. Qxd4+ Kg8 20. Kb1 Qxg5 21. Bb5
Nhf6 22. h4 Qe5 23. c6 Nb6 24. Qxb6 Be6 25. a4 Reb8 26. Qd4 Qf4 27. e5 Bf5+ 28.
Ka1 Qxf3 29. exf6 Bc2 30. c7 Rf8 31. Rhf1 Qb7 32. Qc5 Bxd1 33. Rxd1 Rfc8 34. Nd5
Kh8 35. Bc6 Rxc7 36. Nxc7 Qxc7 37. Bxa8 1-0

[Event "chess.com Speed 1m+1spm 2018"]
[Site "chess.com INT"]
[Date "2018.09.18"]
[Round "2.27"]
[White "Grischuk, Alexander"]
[Black "Duda, Jan-Krzysztof"]
[Result "0-1"]
[WhiteTitle "GM"]
[BlackTitle "GM"]
[WhiteElo "2766"]
[BlackElo "2737"]
[WhiteFideId "4126025"]
[BlackFideId "1170546"]
[EventDate "2018.07.24"]

1. e4 c5 2. Nf3 e6 3. d4 cxd4 4. Nxd4 a6 5. Nc3 d6 6. Be3 Ne7 7. Qd2 Nec6 8.
O-O-O Be7 9. Kb1 b5 10. g4 Bb7 11. f3 O-O 12. h4 Nd7 13. Nxc6 Bxc6 14. Ne2 d5
15. Nd4 Bb7 16. Bg2 Ne5 17. Qe2 Nc4 18. Bc1 e5 19. Nf5 d4 20. g5 Bc8 21. f4 Be6
22. fxe5 Bc5 23. Rd3 Qa5 24. b3 Rfd8 25. h5 Ba3 26. g6 Bxc1 27. Rxc1 Rab8 28.
gxf7+ Kh8 29. Ka1 Nxe5 30. Rg3 Bxf7 31. Nxg7 Rbc8 32. Nf5 d3 33. Qe3 Qc3+ 0-1

[Event "chess.com Speed 5m+1spm 2018"]
[Site "chess.com INT"]
[Date "2018.09.20"]
[Round "2.1"]
[White "Giri, Anish"]
[Black "Aronian, Levon"]
[Result "1/2-1/2"]
[WhiteTitle "GM"]
[BlackTitle "GM"]
[WhiteElo "2782"]
[BlackElo "2767"]
[WhiteFideId "24116068"]
[BlackFideId "13300474"]
[EventDate "2018.07.24"]

1. d4 Nf6 2. c4 c5 3. d5 e5 4. Nc3 d6 5. e4 Nbd7 6. Bd3 Be7 7. Nge2 g6 8. O-O
Nh5 9. Be3 O-O 10. Qd2 Ng7 11. Bh6 Nf6 12. h3 Kh8 13. Kh1 Ng8 14. Be3 Bd7 15. a3
Nh5 16. Ng3 Nxg3+ 17. fxg3 Kg7 18. b4 b6 19. bxc5 bxc5 20. Rab1 h6 21. Ne2 Bg5
22. Rb7 Bxe3 23. Qxe3 Bc8 24. Rb3 Nf6 25. g4 Nd7 26. Ng1 Ba6 27. Nf3 Rb8 28.
Rxb8 Qxb8 29. Rb1 Qc7 30. g5 h5 31. Qd2 Rb8 32. Rxb8 Qxb8 33. Qc3 Nb6 34. Nd2
Qc7 35. Qc1 Na4 36. Bc2 Nb6 37. Bd3 Bc8 38. Nf3 Bd7 39. Qd2 Na4 40. Bc2 Nb6 41.
Bb3 Qb8 42. Qc3 Nc8 43. Bc2 Ne7 44. Kg1 Ng8 45. Qb3 Qxb3 46. Bxb3 Kf8 47. Kf2
Ke7 48. Ke3 Kd8 49. Kd2 Kc7 50. Kc3 Kb6 51. Bc2 Ka5 52. Nd2 Ne7 53. Nb3+ Kb6 54.
Nd2 Nc8 55. Bd1 Ka5 56. Nb3+ Ka6 57. Nd2 Nb6 58. Bc2 Kb7 59. Bd1 Kc7 60. Bc2 Kd8
61. Bd1 Ke7 62. h4 Bc8 63. g3 Bh3 64. Be2 f6 65. gxf6+ Kxf6 66. Kd3 Kg7 67. Ke3
Bc8 68. Bf1 Kh6 69. Kd3 g5 70. Nf3 gxh4 71. gxh4 Nxc4 72. Kxc4 Ba6+ 73. Kc3 Bxf1
74. Nd2 Be2 75. Kb2 Kg6 76. Nb1 Kf6 77. Nc3 Bd3 78. Kc1 Ke7 79. Kd2 Bc4 80. Ke3
Kd7 81. Kd2 Kc7 82. Ke3 Bf1 83. Kd2 Kb6 84. Ke3 c4 85. Kd2 Bh3 86. Ke3 Bd7 87.
Kd2 Kc5 88. Ke3 Be8 89. Ne2 c3 90. Nxc3 Kc4 91. Ne2 a5 92. Ng3 Bg6 93. a4 Kb4
94. Kd3 Kc5 95. Kc3 Be8 96. Kd3 Bf7 97. Kc3 Bg6 98. Kd3 Bf7 99. Kc3 Be8 100. Kb3
Bg6 101. Kc3 Bf7 102. Kb3 1/2-1/2

[Event "chess.com Speed 5m+1spm 2018"]
[Site "chess.com INT"]
[Date "2018.09.20"]
[Round "2.2"]
[White "Aronian, Levon"]
[Black "Giri, Anish"]
[Result "1/2-1/2"]
[WhiteTitle "GM"]
[BlackTitle "GM"]
[WhiteElo "2767"]
[BlackElo "2782"]
[WhiteFideId "13300474"]
[BlackFideId "24116068"]
[EventDate "2018.07.24"]

1. e4 e5 2. Nf3 Nf6 3. Nxe5 d6 4. Nf3 Nxe4 5. Bd3 Nf6 6. O-O Be7 7. c3 O-O 8.
Bc2 Bg4 9. d4 Re8 10. Re1 Nbd7 11. Nbd2 d5 12. Nf1 Bd6 13. Rxe8+ Qxe8 14. Ne3
Bh5 15. Nf5 Bxf3 16. gxf3 Bf8 17. Bf4 Qd8 18. Qd2 Nh5 19. Bg5 Ndf6 20. Re1 Qd7
21. Re5 Re8 22. Qe3 Re6 23. a4 Ne8 24. Ng3 Nxg3 25. hxg3 g6 26. Qe2 Nd6 27. Bc1
Nc4 28. Rxe6 Qxe6 29. Qd1 c6 30. Kg2 a6 31. Bd3 Kg7 32. Qh1 Kg8 33. b3 Nd6 34.
Bd2 Be7 35. Qh6 Bf6 36. Qf4 Be7 37. g4 Qf6 38. Qg3 Qe6 39. Bf4 Bf8 40. Be5 f6
41. Bf4 Nf7 42. Bd2 Bd6 43. f4 Qe7 44. Qe3 Kg7 45. c4 Qd7 46. f5 g5 47. Qe6 Qxe6
48. fxe6 Nd8 49. Bf5 Kf8 50. Ba5 Ke7 51. Bxd8+ Kxd8 52. Bxh7 Ke7 53. Bf5 Bb4 54.
Kf3 a5 55. Ke3 b6 56. Kd3 Ba3 57. Kc3 Bb4+ 58. Kd3 Ba3 59. Kc3 Bb4+ 60. Kd3 Ba3
61. f3 Bb4 1/2-1/2

[Event "chess.com Speed 5m+1spm 2018"]
[Site "chess.com INT"]
[Date "2018.09.20"]
[Round "2.3"]
[White "Giri, Anish"]
[Black "Aronian, Levon"]
[Result "1-0"]
[WhiteTitle "GM"]
[BlackTitle "GM"]
[WhiteElo "2782"]
[BlackElo "2767"]
[WhiteFideId "24116068"]
[BlackFideId "13300474"]
[EventDate "2018.07.24"]

1. d4 Nf6 2. Nf3 d5 3. c4 c6 4. Nc3 dxc4 5. a4 Bf5 6. Ne5 Nbd7 7. Nxc4 Nb6 8.
Ne5 a5 9. e3 Nfd7 10. Bd3 Bxd3 11. Nxd3 e6 12. O-O Be7 13. Qb3 O-O 14. e4 Ra6
15. Be3 Qb8 16. Rac1 Rd8 17. Rfd1 h6 18. h3 Bg5 19. Bxg5 hxg5 20. Ne2 Nc8 21.
Qc3 Ne7 22. Qd2 f6 23. f4 gxf4 24. Qxf4 Rb6 25. Qg4 Nf8 26. Rc5 f5 27. Qf3 Nfg6
28. Rxa5 Nh4 29. Qe3 Rf8 30. exf5 c5 31. fxe6 Nef5 32. Qe4 Qe8 33. Rxc5 Rxe6 34.
Re5 Qxa4 35. Rf1 Rxe5 36. Nxe5 Qb4 37. g3 1-0

[Event "chess.com Speed 5m+1spm 2018"]
[Site "chess.com INT"]
[Date "2018.09.20"]
[Round "2.4"]
[White "Aronian, Levon"]
[Black "Giri, Anish"]
[Result "1/2-1/2"]
[WhiteTitle "GM"]
[BlackTitle "GM"]
[WhiteElo "2767"]
[BlackElo "2782"]
[WhiteFideId "13300474"]
[BlackFideId "24116068"]
[EventDate "2018.07.24"]

1. e4 e5 2. Nf3 Nf6 3. Nxe5 d6 4. Nf3 Nxe4 5. Bd3 Nf6 6. O-O Be7 7. Re1 O-O 8.
c3 Re8 9. h3 d5 10. Bc2 Bd6 11. Rxe8+ Qxe8 12. d4 Nbd7 13. Nbd2 Nf8 14. Nf1 Ng6
15. Ng3 Bxg3 16. fxg3 c6 17. g4 Ne4 18. Qe1 Bd7 19. Bxe4 Qxe4 20. Qxe4 dxe4 21.
Nd2 Re8 22. Nc4 b5 23. Nd6 Re6 24. Nb7 Bc8 25. Nc5 Re8 26. Be3 Ne7 27. a4 Nd5
28. Kf2 a6 29. axb5 axb5 30. Ra8 Kf8 31. Ra1 h6 32. Re1 f5 33. gxf5 Bxf5 34. Ra1
Bc8 35. Ra7 Kg8 36. Ke2 Re7 37. Rxe7 Nxe7 38. Nxe4 Be6 39. Nc5 Bc4+ 40. Kf2 Kf7
41. Bf4 Bd5 42. Be5 h5 43. Nd3 g5 44. Bc7 Ng6 45. Bd8 g4 46. hxg4 hxg4 47. Kg3
Ke6 48. Nf2 Kf5 49. Nxg4 Be6 50. Nf2 Nf4 51. Bc7 Nd5 52. Bd6 Ne3 53. Kf3 Nc4 54.
g4+ Kg6 55. Ba3 Bd5+ 56. Kf4 Be6 57. Nd3 Bd5 58. Kg3 Be4 59. Nf4+ Kf7 60. g5 Ne3
61. Ne2 Nd5 62. Kh4 Bc2 63. Ng3 Kg6 64. Bd6 Ne3 65. Bf4 Ng2+ 66. Kg4 Bd1+ 67.
Ne2 Bxe2+ 68. Kg3 Nxf4 69. Kxf4 Bc4 70. Ke5 Kxg5 71. Kd6 Bd5 72. b3 Kf5 73. c4
Bxc4 74. Kxc6 Be2 75. d5 Ke5 76. d6 Bg4 1/2-1/2

[Event "chess.com Speed 5m+1spm 2018"]
[Site "chess.com INT"]
[Date "2018.09.20"]
[Round "2.5"]
[White "Giri, Anish"]
[Black "Aronian, Levon"]
[Result "0-1"]
[WhiteTitle "GM"]
[BlackTitle "GM"]
[WhiteElo "2782"]
[BlackElo "2767"]
[WhiteFideId "24116068"]
[BlackFideId "13300474"]
[EventDate "2018.07.24"]

1. d4 Nf6 2. Nf3 g6 3. c4 Bg7 4. Nc3 O-O 5. e4 d6 6. Be2 c5 7. O-O Re8 8. Re1
cxd4 9. Nxd4 Nc6 10. Be3 Bd7 11. Qd2 Nxd4 12. Bxd4 Bc6 13. f3 a5 14. b3 Nd7 15.
Be3 Nc5 16. Rab1 e6 17. Red1 Be5 18. Bf1 Qh4 19. h3 Qg3 20. Ne2 Qh2+ 21. Kf2
Bxe4 22. Bxc5 Bxb1 23. Be3 Bf5 24. f4 Bf6 25. Kf3 d5 26. Bg1 Be4+ 27. Ke3 Qh1 0-1